[Event "Astrakhan Gazprombank-B"]
[Site "Astrakhan"]
[Date "2013.03.08"]
[Round "7"]
[White "Goryainov, Mikhail"]
[Black "Stambulian, Kirakos"]
[Result "1/2-1/2"]
[WhiteElo "1772"]
[BlackElo "1634"]
[PlyCount "50"]
[EventDate "2013.03.02"]
[EventType "swiss"]
[EventRounds "9"]
[EventCountry "RUS"]
[SourceTitle "EXT 2014"]
[Source "ChessBase"]
[SourceDate "2013.11.20"]
[SourceVersion "1"]
[SourceVersionDate "2013.11.20"]
[SourceQuality "1"]

1. e4 c5 2. Nf3 Nc6 3. d4 cxd4 4. Nxd4 Nf6 5. Nc3 d6 6. Be2 e6 7. Be3 Be7 8. 0-0 0-0 9. Qd2 a6 10. f4 d5 11. e5 Nd7 12. Kh1 Bc5 13. Na4 Bxd4 14. Bxd4 Nxd4 15. Qxd4 Qc7 16. Nc3 Qb6 17. Qxb6 Nxb6 18. Rad1 Bd7 19. Rd4 Bc6 20. Kg1 Nd7 21. Bg4 g6 22. Re1 Nb6 23. Be2 Rfd8 24. Red1 Rdc8 25. Rb4 Nd7 1/2-1/2

[Event "Astrakhan Gazprombank-B"]
[Site "Astrakhan"]
[Date "2013.03.02"]
[Round "1"]
[White "Kochetov, Evgeny"]
[Black "Stambulian, Kirakos"]
[Result "1-0"]
[WhiteElo "1904"]
[BlackElo "1634"]
[PlyCount "61"]
[EventDate "2013.03.02"]
[EventType "swiss"]
[EventRounds "9"]
[EventCountry "RUS"]
[SourceTitle "EXT 2014"]
[Source "ChessBase"]
[SourceDate "2013.11.20"]
[SourceVersion "1"]
[SourceVersionDate "2013.11.20"]
[SourceQuality "1"]

1. d4 d5 2. Nf3 e6 3. Bg5 Be7 4. Bxe7 Nxe7 5. Nbd2 0-0 6. e4 c6 7. e5 Nd7 8. Bd3 h6 9. g4 c5 10. c3 Qb6 11. Rb1 Nc6 12. g5 h5 13. Nh4 g6 14. Nxg6 fxg6 15. Bxg6 Kg7 16. Bc2 Rh8 17. Nf3 cxd4 18. cxd4 Qb4+ 19. Kf1 Qc4+ 20. Kg2 Nb4 21. Rc1 Nxc2 22. Rxc2 Qxa2 23. Nh4 Qb3 24. Qe2 Qb4 25. Qd3 Qe7 26. Qg6+ Kf8 27. Rhc1 Nb6 28. Rc3 Rh7 29. Rf3+ Rf7 30. Qh6+ Kg8 31. Ng6 1-0

[Event "Anapa Zarembo Memorial"]
[Site "Anapa"]
[Date "2012.06.06"]
[Round "5"]
[White "Stambulian, Kirakos"]
[Black "Yelovskih, Gennady"]
[Result "1/2-1/2"]
[WhiteElo "1539"]
[BlackElo "1607"]
[PlyCount "88"]
[EventDate "2012.06.01"]
[EventType "swiss"]
[EventRounds "9"]
[EventCountry "RUS"]
[SourceTitle "EXT 2014"]
[Source "ChessBase"]
[SourceDate "2013.11.20"]
[SourceVersion "1"]
[SourceVersionDate "2013.11.20"]
[SourceQuality "1"]

1. d4 d5 2. Nf3 Bg4 3. Ne5 Bh5 4. Nd2 Nd7 5. Nef3 Ngf6 6. e3 e6 7. Be2 Bd6 8. 0-0 h6 9. c4 c6 10. cxd5 cxd5 11. b3 Rc8 12. Bb2 0-0 13. Rc1 Rc7 14. Nb1 Rxc1 15. Qxc1 Qb8 16. h3 Rc8 17. Qd1 a6 18. Ba3 Ne4 19. Bxd6 Qxd6 20. Nfd2 Bxe2 21. Qxe2 Nxd2 22. Qxd2 Qc6 23. Qb4 Nf6 24. Nd2 b6 25. Nf3 a5 26. Qa3 Ne4 27. Ne5 Qc7 28. Nd3 f6 29. Rc1 Qd8 30. Rxc8 Qxc8 31. Qb2 Qc3 32. Qxc3 Nxc3 33. a4 Kf7 34. f3 Ke7 35. Kf1 Kd6 36. Ke1 Na2 37. Kd2 Nb4 38. Nxb4 axb4 39. Kd3 g6 40. g4 f5 41. h4 fxg4 42. fxg4 g5 43. hxg5 hxg5 44. e4 Ke7 1/2-1/2

[Event "Anapa Zarembo Memorial"]
[Site "Anapa"]
[Date "2012.06.02"]
[Round "2"]
[White "Stambulian, Kirakos"]
[Black "Bekarev, Georgy"]
[Result "1-0"]
[WhiteElo "1539"]
[BlackElo "1607"]
[PlyCount "77"]
[EventDate "2012.06.01"]
[EventType "swiss"]
[EventRounds "9"]
[EventCountry "RUS"]
[SourceTitle "EXT 2014"]
[Source "ChessBase"]
[SourceDate "2013.11.20"]
[SourceVersion "1"]
[SourceVersionDate "2013.11.20"]
[SourceQuality "1"]

1. d4 d5 2. c4 dxc4 3. Nc3 c6 4. a4 Nf6 5. e3 Be6 6. Nf3 Bd5 7. Ne5 Nbd7 8. Nxc4 e6 9. Nxd5 exd5 10. Nd2 Bb4 11. Bd3 0-0 12. 0-0 Qe7 13. Qc2 g6 14. Nb3 b6 15. Bd2 Rac8 16. a5 Bxd2 17. Qxd2 c5 18. Ba6 Rc7 19. axb6 axb6 20. Bb5 c4 21. Nc1 Ne4 22. Qe1 Ndf6 23. Ne2 Nd6 24. Ba4 b5 25. Bc2 Re8 26. Qb4 Rb7 27. Nc3 Qe6 28. Ra5 Reb8 29. Rfa1 Qd7 30. Bd1 Nfe4 31. Nxd5 Qe6 32. Nc3 Qf5 33. Bf3 Nxc3 34. bxc3 Rb6 35. h3 h5 36. Ra6 Ne4 37. Rxb6 Rxb6 38. Ra8+ Kg7 39. Qf8+ 1-0